01305 a2200253 4500003000500000005001700005010001700022020001800039040000900057082001700066100002900083245008700112250001200199260003600211300003400247500046000281650003400741650002700775650003500802700004300837942002600880999001900906952012600925NUST20221118145835.0 a 2010032734 a9780078035975 cNust00a515.2433,BRO1 aBrown, James Ward.9885210aFourier series and boundary value problems /cJames Ward Brown, Ruel V. Churchill. a8th ed. aNew York :bMcGraw-Hill,c2012. axvi, 400 p. :bill. ;c24 cm. aFourier Series (Page-1), Convergence of Fourier Series (Page-25), Partial Differential Equations of Physics (Page-60), The Fourier Methods (Page-95), Boundary Value Problems (Page-113), Fourier Integrals and Application (Page-161), Orthogonal Sets (Page-189), Sturm Lowville Problems and Application (Page-210), Bessel Function and Application (Page-260), Legendre Polynomials Application (Page-326), Verification of Solution and Uniqueness (Page-362). 0aBoundary value problems.9689 0aFourier series.939035 0aFunctions, Orthogonal.91030791 aChurchill, Ruel V.d1899-1987.9103080 2ddccBKk515.2433,BRO c189428d189428 00102ddc4070aMCSbMCScGENd2016-12-12o515.2433,BROpMCS35185r2016-12-08w2016-12-12yBKzAlmirah No.13, Shelf No.3